000 00220pam a2200109 a 4500
020 _c
041 _h
245 _aNavneet Standard Dictionary English - Marathi
300 _a720
653 _aDictionary
930 _a914
999 _c246767
_d246767